10 größte Städte Vietnam - Statistiken

Allgemein
  • Dieses Quiz wurde 26 mal gespielt
  • Das Durchschnittsergebnis liegt bei 5 aus 10
Antwortstatistiken
Einwohner Antwort % Korrekt
3.605.000 Hanoi
100%
7.005.000 Ho-Chi-Minh-Stadt
100%
989.000 Đà Nẵng
86%
351.000 Huế
43%
842.000 Haiphong
36%
342.000 Vũng Tàu
29%
831.000 Biên Hòa
21%
812.000 Cần Thơ
21%
490.000 Vinh
21%
423.000 Nha Trang
14%
Keine übereinstimmenden Quizze gefunden
Verteilung der Resultate
Anzahl Personen mit jedem Resultat
Perzentil nach korrekt beantworteten Fragen
Ihre Resultats-Entwicklung
Sie haben dieses Quiz noch nicht gespielt